• 首页
  • 本馆介绍
  • 公告通知
  • 最新文献
  • 馆藏检索
  • 电子资源
  • 读者导购
  • 参考咨询
  • 我的图书馆
  • 登录
  • 详细信息显示
  • 放入我的书架
  • 预约/预借图书
  • 作者相关作品
  • 分类相关作品
  • 丛书相关作品
  • 出版社相关作品

书目信息

  • 表格格式
  • 工作单格式
  • 卡片格式
题名:
新型纺织产品设计与生产
    
 
作者: 沈兰萍 主编
分册:  
出版信息: 北京   中国纺织出版社  2009
页数: 271页
开本: 26cm
丛书名:
单 册:
中图分类: TS106
科图分类:
主题词: 纺织品--设计--高等教育--教材 , 纺织品--纺织工艺--高等教育--教材
电子资源:
ISBN: 978-7-5064-5980-8
000 00878nam0 2200265 450
001 012015000754
005 20150911084114.28
010    @a978-7-5064-5980-8@dCNY40.00
100    @a20100105d2009 em y0chiy50 ea
101 0  @achi
102    @aCN@b110000
105    @ay z 000yy
106    @ar
200 1  @a新型纺织产品设计与生产@Axin xing fang zhi chan pin she ji yu sheng chan@f沈兰萍主编
205    @a2版
210    @a北京@c中国纺织出版社@d2009
215    @a271页@d26cm
300    @a纺织高等教育教材
330    @a本书从织物设计原理、方法等入手,阐述了纺织品开发的思路,对各类新型纺织产品的设计方法、手段、生产工艺与要点进行了详细的介绍。
606 0  @a纺织品@x设计@x高等教育@j教材
606 0  @a纺织品@x纺织工艺@x高等教育@j教材
690    @aTS106@v5
701  0 @a沈兰萍@Ashen lan ping@4主编
801  0 @aCN@b碧洲教育@c20150718
905    @a10447@f4@dTS106@e17=2
    
    新型纺织产品设计与生产/沈兰萍主编.-2版.-北京:中国纺织出版社,2009
    271页;26cm
    纺织高等教育教材
    
    ISBN 978-7-5064-5980-8:CNY40.00
    本书从织物设计原理、方法等入手,阐述了纺织品开发的思路,对各类新型纺织产品的设计方法、手段、生产工艺与要点进行了详细的介绍。
●
相关链接 在E读中查询图书 在五车中查询图书 在当当中查询图书 在豆瓣中查询图书


正题名:新型纺织产品设计与生产     索取号:TS106/17=2         预约/预借

序号 登录号 条形码 馆藏地/架位号 状态 备注
1 0848160   208481604   第二样本阅览室/ [索取号:TS106/17=2] 在馆    
2 0848161   208481613   第三借阅区/ [索取号:TS106/17=2] 在馆    
3 0848162   208481622   第三借阅区/ [索取号:TS106/17=2] 在馆    
4 0848163   208481631   第三借阅区/ [索取号:TS106/17=2] 在馆    
唐山师范学院图书馆 欢迎您!
大连网信软件有限公司© 版权所有